|
|
|
|
| LEADER |
00843nam a2200325 4500 |
| 001 |
DLU120136509 |
| 005 |
##20120612 |
| 040 |
# |
# |
|a DLU
|b vie
|
| 041 |
# |
# |
|a vie
|
| 044 |
# |
# |
|a vn
|
| 082 |
# |
# |
|a 895.922 1
|b PH-Q
|
| 100 |
# |
# |
|a Phạm Đan Quế.
|
| 245 |
# |
# |
|a Bình Kiều, vịnh Kiều, bói Kiều /
|c Phạm Đan Quế.
|
| 250 |
# |
# |
|a Tái bản lần thứ ba có bổ sung và sửa chữa.
|
| 260 |
# |
# |
|a H. :
|b Thanh niên,
|c 2002.
|
| 300 |
# |
# |
|a 248 tr. ;
|c 21 cm.
|
| 504 |
# |
# |
|a Tài liệu tham khảo: tr. 245.
|
| 600 |
# |
# |
|a Nguyễn Du,
|d 1765-1820
|t Kim Vân Kiều.
|
| 923 |
# |
# |
|a 01/2012DP
|
| 991 |
# |
# |
|a SH
|
| 992 |
# |
# |
|a 25000
|
| 993 |
# |
# |
|a 2002
|
| 994 |
# |
# |
|a KDP
|
| 900 |
# |
# |
|a True
|
| 911 |
# |
# |
|a Đào Thị Thu Huyền
|
| 925 |
# |
# |
|a G
|
| 926 |
# |
# |
|a A
|
| 927 |
# |
# |
|a SH
|
| 980 |
# |
# |
|a Thư viện Trường Đại học Đà Lạt
|